000 01412cam a2200205 a 4500
020 _a0872629465
082 0 0 _a624.1773
_bJOI
245 0 0 _aDynamic response and progressive failure of special structures :
_bproceedings of the technical sessions on response of truss and truss-type structures during progressive failure and dynamic loading and analysis of structures /
_cedited by Ramesh B. Malla.
260 _aNew York, N.Y. :
_bAmerican Society of Civil Engineers,
_c1993.
300 _aix, 154 p. :
_bill. ;
_c22 cm.
500 _a"Sponsored by the Committee on Dynamics and Controls of the ASCE Aerospace Division (the first session also co-sponsored by the Committee of Special Structures of the Committee on Metals of the ASCE Structural Division). For the first Joinct ASCE-EMD, ASME-AMD, SES Meeting (MEET'N'93). Organized by the Engineering Mechanics Division of the American Society of Civil Engineers and the Applied Mechanics Division of the American Society of Mechanical Engineers and Society of Engineering Sciences, Charlottesville, VA, June 6-9, 1993."
526 _a0
_b0
_c0
_d624_177300000000000_JOI
650 0 _aMCE
_9379
650 0 _aStructural dynamics
_xCongresses.
_942810
650 0 _aStructural failures
_xCongresses.
_946624
650 0 _aTrusses
_xCongresses.
_946625
700 1 _aMalla, Ramesh B.
_946626
710 2 _aAmerican Society of Civil Engineers.
_9702
942 _2ddc
_cBK
999 _c549915
_d549915